University Home | Library Home | Institutional Repository

Revision du genre microdinodes et description d'un genre nouveau (Coleoptera elminthidae) : (Record no. 196050)

MARC details
000 -LEADER
fixed length control field 01166cam3a220021700 4500
001 - CONTROL NUMBER
control field tmp15397751
003 - CONTROL NUMBER IDENTIFIER
control field UPRA
005 - DATE AND TIME OF LATEST TRANSACTION
control field 20190830120622.0
008 - FIXED-LENGTH DATA ELEMENTS--GENERAL INFORMATION
fixed length control field 950804s1965 be fre u
035 ## - SYSTEM CONTROL NUMBER
System control number (Sirsi) r29255
035 ## - SYSTEM CONTROL NUMBER
System control number (UPRA)tmp15397751
040 ## - CATALOGING SOURCE
Transcribing agency UPRA
100 1# - MAIN ENTRY--PERSONAL NAME
Personal name Deleve, Joseph.
Linkage A93600.1
245 10 - TITLE STATEMENT
Title Revision du genre microdinodes et description d'un genre nouveau (Coleoptera elminthidae) :
Remainder of title XIIe contribution a l'etude des Dryopoidea.
260 ## - PUBLICATION, DISTRIBUTION, ETC.
Place of publication, distribution, etc. Tervuren,
Date of publication, distribution, etc. 1965.
490 1# - SERIES STATEMENT
Series statement Musee Royal de l'Afrique Centrale (Tervuren, Belgium). Annales. Ser. in-8 , Sciences zoologiques ;
Volume/sequential designation no. 140
504 ## - BIBLIOGRAPHY, ETC. NOTE
Bibliography, etc. note Bibliography: p. 57.
810 2# - SERIES ADDED ENTRY--CORPORATE NAME
Corporate name or jurisdiction name as entry element Musee Royal de l'Afrique Centrale (Tervuren, Belgium). Annales. Ser. in-8 , Sciences zoologiques ;
Title of a work Musee Royal de l'Afrique Centrale (Tervuren, Belgium). Annales. Ser. in-8 , Sciences zoologiques ;
Number of part/section/meeting Musee Royal de l'Afrique Centrale (Tervuren, Belgium). Annales. Ser. in-8 , Sciences zoologiques ;
Name of part/section of a work Musee Royal de l'Afrique Centrale (Tervuren, Belgium). Annales. Ser. in-8 , Sciences zoologiques ;
Volume/sequential designation no. 140
Linkage S8049.1
949 ## - LOCAL PROCESSING INFORMATION (OCLC)
a DT641.M8
w lcc
i -31947
m MAIN
t BOOK
l ON-SHELF

No items available.

© 2026 - The University of Zambia Library - Koha v25.11